000 00962nam a2200229 a 4500
008 071204s1997 ||||||||||||||||| || u
020 _a066941753X
050 _aQA 152.2 Zoo
100 _aHostetler, Robert P
245 1 0 _aCollege algebra: Study and solutions guide... (4th ed.)
_cDianna L. Zook; Roland E. Larson; Robert P. Hostetler
250 _a4th ed.
260 _aBoston:
_bHoughton Mifflin
_c1997
300 _av, 436p.: ill.
350 _a0.00
650 _aALGEBRA--STUDY AND TEACHING
650 0 _aALGEBRAS, LINEAR
650 _aALGEBRA--HANDBOOKS, MANUALS, ETC
700 _aLarson, Roland E
700 _aZook, Dianna L
995 _aBINDERY (DAMAGED)
_D0.00
_e738164
_FCBU-MAIN LIBRARY (Kitwe)
_H1
_I0.00
_jQA 152.2 ZOO
_M1
_UDAMAGED
_WDec 4, 2007
_y738164
_ZMain Library Open Access Collection
995 _aSHORT LOAN BOOKS
_D0.00
_e738165
_FCBU-MAIN LIBRARY (Kitwe)
_H1
_I0.00
_jQA 152.2 ZOO
_M2
_UAVAILABLE
_WDec 4, 2007
_y738165
_ZShort Loan Collection
999 _c79455
_d79455